Bệnh và kí sinh trùng tằm Giáo trình dùng cho sinh viên khoa Nông học Trường Đại học Nông nghiệp

Salvato in:
Dettagli Bibliografici
Autore principale: Nguyễn Huy Trí
Natura: Libro
Lingua:Undetermined
Pubblicazione: Hà Nội Giáo Dục 1998
Soggetti:
Tags: Aggiungi Tag
Nessun Tag, puoi essere il primo ad aggiungerne! !
Thư viện lưu trữ: Trung tâm Học liệu Trường Đại học Cần Thơ
LEADER 00625nam a2200181Ia 4500
001 CTU_47441
008 210402s9999 xx 000 0 und d
082 |a 638.2089 
082 |b Tr300 
100 |a Nguyễn Huy Trí 
245 0 |a Bệnh và kí sinh trùng tằm 
245 0 |b Giáo trình dùng cho sinh viên khoa Nông học Trường Đại học Nông nghiệp 
245 0 |c Nguyễn Huy Trí 
260 |a Hà Nội 
260 |b Giáo Dục 
260 |c 1998 
650 |a parasitic diseases,sericulture,silkworms - parasites 
980 |a Trung tâm Học liệu Trường Đại học Cần Thơ